000 00330nam a2200145Ia 4500
005 20251222141839.0
008 251222s9999||||xx |||||||||||||| ||spa||
020 _a978-84-481-5941-2
082 _a578.77/C35
100 _aCastro, Peter
245 0 _aBiologĂ­a Marina
250 _a6a.ed.
264 _bMcGraw-Hill
942 _cLIB
999 _c7358
_d7358